The Middle Quiz #1 - S1E2 (The Cheerleader) - Statistics

General Stats
  • This quiz has been taken 13 times
  • The average score is 8 of 24
Answer Stats
Hint Answer % Correct
How much was that VCR player sold for at last year’s garage sale $2
75%
“Cheerleader” parent Frankie
75%
Who needs glasses according to an eye test at school Sue
75%
At the pool, how many inches too far was Axl from Mike 4
67%
“Honest-type” parent Mike
67%
What Sue Heck is trying to try out for in this episode Swim Team
67%
What breaks down at the start of the episode. Dryer
58%
On the new credit card Mike got approved for, what year would payments be on? 2012
50%
How long was this punishment for 2 weeks
50%
Discount store where Frankie shops at due to money problems Frugal Hoosier
50%
What does Frankie Heck want to fill a car with when Don Elhert asks for promotion ideas. Jelly Beans
50%
What disaster occurred in the episode Tornado
50%
Original city the trip would have been to, according to the sign New York
33%
How much does Frankie owe the library in fines $189
17%
Slogan for “Little Betty Snacks” If it was good for you it wouldn’t taste good.
17%
How much money, with interest does Mike and Frankie owe on a VCR player $650
8%
Sign outside church Go to church or go to hell.
8%
How many jelly beans did the winner of the contest guess? 12,001
0%
What position did Sue “make” on the swim team? 34th Alternate
0%
How many jelly beans are in the car 425,362
0%
One of Mike’s Famous Punishments for Axl 5 feet within a parent at all times
0%
Prize for who guesses the amount of jelly beans in the car Branson
0%
Who won the contest? Cecil Heagan
0%
Sign on Orson Cafe Vermin Free since July
0%
No matching quizzes found
Score Distribution
Percent of People with Each Score
Percentile by Number Answered
Your Score History
You have not taken this quiz